| 000 | 00939nam a2200229Ia 4500 | ||
|---|---|---|---|
| 001 | 8613 | ||
| 003 | GE_BSU | ||
| 008 | 181216s||||||||xx |||||||||||||| ||und|| | ||
| 040 | _cGE_BSU | ||
| 080 | _a908(479.22)+821.353.1-4 | ||
| 100 | _aთომაძე, აბიბო | ||
| 245 | _aამღერებული მთები: (კავკასიონი) | ||
| 245 | _bჟურნალისტის ჩანაწერები | ||
| 245 | _cრედ.: მ. ვარდოსანიძე; მხატვ.რედ.: მ. ჭანიშვილი. | ||
| 260 | _aთბილისი. | ||
| 260 | _bსაქ. კპ ცკ–ის გამ–ბა. | ||
| 260 | _c1975 | ||
| 300 | _a231 გვ; 19 სმ. | ||
| 653 | _aამღერებული მთები | ||
| 653 | _aკომუნისტური მშენებლობა საქართველოში; | ||
| 942 | _cBK | ||
| 999 |
_c41929 _d41929 |
||